000 00968nam a2200241Ia 4500
999 _c5195
_d5195
003 OSt
005 20200505104649.0
008 191128s1983 ck gr 000 0 spa d
040 _aCO-JMCR
_cCO-JMCR
041 0 _aspa
082 0 4 _a305.898 /
_bF732i
100 1 _aFriedemann, Nina S. de,
_eautor
_93904
245 1 0 _aLengua y sociedad en el palenque de San Basilio /
_cNina S. de Friedemann, Carlos Patiño Rosselli
260 _aBogotá :
_bInstituto Caro y Cuervo,
_c1983
300 _a300 páginas ;
_c23 cm.
505 _aPalenque de San Basilio -- El habla en el palenque de San Basilio -- Textos -- Corpus
650 1 4 _aNegros Palenque de San Basilio
_zCartagena, Colombia
_93905
650 2 4 _a Palenque de San Basilio
_zBolívar, Colombia
_93906
650 2 4 _a Vida social y costumbres
_zBolívar, Colombia
_93907
650 2 4 _aPalenque de San Basilio
_zBolívar, Colombia
_93908
700 1 _aPatiño Rosselli, Carlos,
_eautor
_93909
942 _2ddc
_cBK